| 000 | 00773nam a2200229Ia 4500 | ||
|---|---|---|---|
| 003 | GCL | ||
| 008 | 140319s9999 xx 000 0 ara d | ||
| 040 |
_aGCL / _cGCL |
||
| 082 | 0 | 4 |
_a690.22 _bف ع |
| 100 | 1 | _aفارزاد نعيم | |
| 245 | 1 | 0 |
_aعزل المنشآت عن الزلازل / _cفارزاد نعيم |
| 700 | 1 | _aكيلى، جيمس | |
| 250 | _aالاولى | ||
| 260 |
_aبيروت : _bدار قابس للطباعة والنشر والتوزيع ، _c2002 |
||
| 300 |
_a206 ص ؛ _c24 سم |
||
| 650 | 0 | 4 | _aهندسة الانشاءات |
| 650 | 0 | 4 | _aالتصميم الانشائى |
| 650 | 0 | 4 | _aالمبانى |
| 650 | 0 | 4 | _aالتامين ضد الكوارث |
| 650 | 0 | 4 | _aالمبانى - الوقاية ضد الزلازل |
| 942 |
_2ddc _cBK |
||
| 999 |
_c6431 _d6431 |
||